01528nam a2200349 a 4500001001200000003000800012006001900020007001500039008004100054010001700095020001500112040002100127035002000148050002500168082001200193111007500205245011600280246002900396260005500425300002200480490001900502500011200521504004100633533015200674650005400826650007100880655002900951710001700980830003800997856012601035999001701161ebr10038538CaPaEBRm u cr cn|||||||||030522s2002 dcua sb 100 0 eng d z 2003544887 z0309084989 aCaPaEBRcCaPaEBR a(OCoLC)5301476514aTA160.4b.S96 2002eb04a6202212 aSymposium on Frontiers of Engineeringn(7th :d2002 :cIrvine, Calif.)10aSeventh Annual Symposium on Frontiers of Engineeringh[electronic resource] /cNational Academy of Engineering.14aFrontiers of engineering aWashington, D.C. :bNational Academy Press,c2002. ax, 127 p. :bill.1 aCompass series a"Reports on leading-edge engineering from the March 2002 NAE Symposium on Frontiers of Engineering"--Cover. aIncludes bibliographical references. aElectronic reproduction.bPalo Alto, Calif. :cebrary,d2013.nAvailable via World Wide Web.nAccess may be limited to ebrary affiliated libraries. 0aEngineeringxResearchzUnited StatesvCongresses. 0aEngineeringxTechnological innovationszUnited StatesvCongresses. 7aElectronic books.2local2 aebrary, Inc. 0aCompass series (Washington, D.C.)40uhttp://site.ebrary.com/lib/rucke/Doc?id=10038538zAn electronic book accessible through the World Wide Web; click to view c57483d57483